Vida de Agustín de Itúrbide
-д хадгалсан:
| Үндсэн зохиолч: | |
|---|---|
| Формат: | Ном |
| Хэл сонгох: | испани |
| Хэвлэсэн: |
Madrid
Editorial AMérica
1891
|
| Хэвлэл: | 1a. ed |
| Цуврал: | Biblioteca Ayacucho, bajo la dirección de don Rufino Blanco Fombona, vol. XXXVIII
|
| Нөхцлүүд: | |
| Шошгууд: |
Шошго нэмэх
Шошго байхгүй, Энэхүү баримтыг шошголох эхний хүн болох!
|
MARC
| LEADER | 00000nam a2200000 a 4500 | ||
|---|---|---|---|
| 001 | UCJ6484 | ||
| 003 | CL-VaPUC | ||
| 008 | 070124e18910000SP |||||||||||||||||spa|d | ||
| 082 | 0 | 4 | |a 980 |b NAV |2 21 |
| 100 | |a Navarro y Rodrigo, Carlos |e autor |9 513194 | ||
| 245 | 1 | 0 | |a Vida de Agustín de Itúrbide |
| 246 | 1 | 0 | |a Memorias de Agustín Itúrbide |
| 250 | |a 1a. ed | ||
| 300 | |a 62 p | ||
| 942 | |c BK | ||
| 945 | |d 20070124 00:00:00 |a rinostro | ||
| 260 | |a Madrid |b Editorial AMérica |c 1891 | ||
| 600 | 0 | 7 | |a BLANCO FOMBONA, RUFINO |2 CL-VaPUC |9 345390 |
| 600 | 0 | |a Iturbide, Agustín de |d 1783-1824 |9 442065 | |
| 650 | 7 | |a BIOGRAFIA |2 CL-VaPUC |9 504622 | |
| 650 | 7 | |a MEMORIAS |2 CL-VaPUC |9 269159 | |
| 650 | 7 | |a REVOLUCION DE LA INDEPENDENCIA |2 CL-VaPUC |9 316035 | |
| 650 | 7 | |a DOCUMENTOS |2 CL-VaPUC |9 366450 | |
| 651 | 0 | |a México |9 255269 | |
| 583 | |a last modification |c 20070124 00:00:00 |k Rodrigo Vera | ||
| 490 | 0 | |a Biblioteca Ayacucho, bajo la dirección de don Rufino Blanco Fombona, vol. XXXVIII | |
| 999 | |c 322587 |d 322585 | ||
| 952 | |0 0 |1 0 |4 0 |6 980_000000000000000_NAV_1891 |7 0 |8 X |9 401605 |a FDOBUD |b FDOBUD |d 2019-11-22 |i 104849K |o 980 NAV 1891 |p 104849K |r 2019-11-22 |w 2019-11-22 |y BK_X |k BUD | ||